[Event "Cheliabinsk-ch"]
[Site "Cheliabinsk"]
[Date "2011.03.05"]
[Round "8"]
[White "Kniazkin, Viktor"]
[Black "Matusinsky, Dmitry"]
[Result "1-0"]
[WhiteElo "1737"]
[BlackElo "1838"]
[PlyCount "63"]
[EventDate "2011.02.26"]
[EventType "swiss"]
[EventRounds "9"]
[EventCountry "RUS"]
[SourceTitle "CBM 141 Extra"]
[Source "ChessBase"]
[SourceDate "2011.05.03"]
[SourceVersion "1"]
[SourceVersionDate "2011.05.03"]
[SourceQuality "1"]

1. d4 d6 2. c4 g6 3. Nc3 Nf6 4. Bg5 Bg7 5. e3 0-0 6. Bd3 Nc6 7. Rc1 h6 8. Bh4 e5 9. d5 Ne7 10. Nge2 Nf5 11. Bg3 c6 12. 0-0 Qb6 13. Qd2 Bd7 14. Rfd1 Rac8 15. c5 Qxc5 16. Bxf5 Bxf5 17. dxc6 Rxc6 18. Na4 Qb5 19. Rxc6 Qxc6 20. Nac3 Rd8 21. Bxe5 Ne4 22. Nxe4 Bxe5 23. N4c3 Qb6 24. Nd4 Bg4 25. f3 Bd7 26. Nd5 Qa6 27. f4 Bg7 28. f5 Qxa2 29. e4 Re8 30. f6 Rxe4 31. Nc3 Qd5 32. Nxd5 1-0